[Event "SVK-chT2A 1516"]
[Site "Slovakia"]
[Date "2015.11.08"]
[Round "4.3"]
[White "Cibulka, Vladimir"]
[Black "Nicolini, Alexander"]
[Result "1/2-1/2"]
[WhiteElo "2178"]
[BlackElo "2148"]
[PlyCount "37"]
[EventDate "2015.10.17"]
[EventType "team-tourn"]
[EventRounds "11"]
[EventCountry "SVK"]
[SourceTitle "CBM 169 Extra"]
[Source "ChessBase"]
[SourceDate "2015.12.18"]
[SourceVersion "1"]
[SourceVersionDate "2015.12.18"]
[SourceQuality "1"]
[WhiteTeam "Velky Meder"]
[BlackTeam "Trnava Lokomotiva II"]
[WhiteTeamCountry "SVK"]
[BlackTeamCountry "SVK"]

1. d4 f5 2. Bg5 c5 3. dxc5 Qa5+ 4. Nc3 Qxc5 5. Nf3 Nf6 6. Bxf6 gxf6 7. Qd4 Qxd4 8. Nxd4 d6 9. Nd5 Kd8 10. e3 Nc6 11. 0-0-0 Bd7 12. Be2 Rc8 13. Kb1 Bg7 14. Rhe1 Re8 15. Bh5 Rf8 16. Nf4 Nxd4 17. exd4 e5 18. dxe5 fxe5 19. Nd5 1/2-1/2

[Event "SVK-chT2A 1516"]
[Site "Slovakia"]
[Date "2015.11.07"]
[Round "3.4"]
[White "Cibulka, Vladimir"]
[Black "Spacek, Oliver"]
[Result "1-0"]
[WhiteElo "2178"]
[BlackElo "2184"]
[PlyCount "106"]
[EventDate "2015.10.17"]
[EventType "team-tourn"]
[EventRounds "11"]
[EventCountry "SVK"]
[SourceTitle "CBM 169 Extra"]
[Source "ChessBase"]
[SourceDate "2015.12.18"]
[SourceVersion "1"]
[SourceVersionDate "2015.12.18"]
[SourceQuality "1"]
[WhiteTeam "Velky Meder"]
[BlackTeam "Osuske II"]
[WhiteTeamCountry "SVK"]
[BlackTeamCountry "SVK"]

1. d4 Nf6 2. Nf3 g6 3. Bf4 Bg7 4. e3 d6 5. Be2 Nh5 6. Bg5 h6 7. Bh4 g5 8. Bg3 Nxg3 9. hxg3 c6 10. Nc3 Qb6 11. Rb1 Nd7 12. Nd2 Qc7 13. Nde4 d5 14. Nd2 b5 15. a4 b4 16. Na2 a5 17. c4 Ba6 18. Nc1 0-0 19. Ncb3 e5 20. Rc1 Qb6 21. cxd5 cxd5 22. Bxa6 Rxa6 23. Nf3 e4 24. Nfd2 f5 25. Nc5 Ra7 26. Nxd7 Rxd7 27. Nb3 f4 28. gxf4 gxf4 29. Nc5 Rd6 30. Qb3 Qa7 31. Nxe4 Rdd8 32. 0-0 Qf7 33. Nd2 Qg6 34. Nf3 h5 35. Rc5 fxe3 36. fxe3 Qe4 37. Nd2 Rxf1+ 38. Nxf1 h4 39. Qc2 Qg4 40. Rxa5 Rd6 41. Ra8+ Kf7 42. Qc8 Re6 43. Qd7+ Kg6 44. Rg8 Kf6 45. Qxd5 h3 46. Qf3+ Qxf3 47. gxf3 Kf7 48. Rb8 Rg6+ 49. Kh2 Rg2+ 50. Kxh3 Rxb2 51. Kg4 Bf8 52. a5 Ra2 53. Rb5 Bd6 1-0

[Event "SVK-chT2A 1516"]
[Site "Slovakia"]
[Date "2015.10.17"]
[Round "1.4"]
[White "Sosovicka, Jakub"]
[Black "Cibulka, Vladimir"]
[Result "1/2-1/2"]
[WhiteElo "1793"]
[BlackElo "2178"]
[PlyCount "95"]
[EventDate "2015.10.17"]
[EventType "team-tourn"]
[EventRounds "11"]
[EventCountry "SVK"]
[SourceTitle "CBM 169 Extra"]
[Source "ChessBase"]
[SourceDate "2015.12.18"]
[SourceVersion "1"]
[SourceVersionDate "2015.12.18"]
[SourceQuality "1"]
[WhiteTeam "Devinska Nova Ves II"]
[BlackTeam "Velky Meder"]
[WhiteTeamCountry "SVK"]
[BlackTeamCountry "SVK"]

1. e4 Nc6 2. Nf3 d6 3. d4 Nf6 4. Nc3 Bg4 5. Be3 e6 6. Be2 Be7 7. 0-0 0-0 8. Qd2 d5 9. e5 Ne4 10. Qe1 Nxc3 11. Qxc3 f6 12. exf6 Bxf6 13. Rad1 Qd6 14. Rfe1 Rae8 15. h3 Bh5 16. Qd2 Bg6 17. Bd3 Bxd3 18. Qxd3 a6 19. Qd2 Rf7 20. Bf4 Qd7 21. Ne5 Bxe5 22. Bxe5 Rf5 23. Bg3 Ne7 24. Qc3 c6 25. Re2 Ng6 26. Rde1 Qf7 27. Qc5 Qd7 28. Qd6 Qxd6 29. Bxd6 Kf7 30. c3 Rf6 31. Be5 Rf5 32. Re3 Nxe5 33. Rxe5 Rxe5 34. Rxe5 Ke7 35. Kf1 Kd6 36. Ke2 c5 37. Kd2 cxd4 38. cxd4 Rc8 39. b3 a5 40. Re3 Rf8 41. f3 Rf4 42. Kd3 g5 43. Re5 h6 44. Kc3 b5 45. Kd3 Rf8 46. a3 b4 47. a4 Rc8 48. Kd2 1/2-1/2

[Event "SVK-chT2A 1415"]
[Site "Slovakia"]
[Date "2015.02.15"]
[Round "9.2"]
[White "Cibulka, Vladimir"]
[Black "Kleman, Miroslav"]
[Result "1/2-1/2"]
[WhiteElo "2207"]
[BlackElo "2230"]
[PlyCount "32"]
[EventDate "2014.10.11"]
[EventType "team-tourn"]
[EventRounds "11"]
[EventCountry "SVK"]
[SourceTitle "EXT 2016"]
[Source "ChessBase"]
[SourceDate "2015.10.08"]
[SourceVersion "1"]
[SourceVersionDate "2015.10.08"]
[SourceQuality "1"]
[WhiteTeam "Potonska Veza"]
[BlackTeam "Modra II"]
[WhiteTeamCountry "SVK"]
[BlackTeamCountry "SVK"]

1. d4 Nf6 2. Nf3 d5 3. Bg5 e6 4. e3 Be7 5. Nbd2 0-0 6. Bd3 Nbd7 7. 0-0 c5 8. c3 Qc7 9. Re1 b6 10. e4 dxe4 11. Nxe4 Bb7 12. Qe2 Rfe8 13. Rad1 Bxe4 14. Bxe4 Nxe4 15. Qxe4 Bxg5 16. Nxg5 Nf6 1/2-1/2

[Event "SVK-chT2A 1415"]
[Site "Slovakia"]
[Date "2014.12.07"]
[Round "6.1"]
[White "Cibulka, Vladimir"]
[Black "Janos, Martin"]
[Result "0-1"]
[WhiteElo "2207"]
[BlackElo "2215"]
[PlyCount "150"]
[EventDate "2014.10.11"]
[EventType "team-tourn"]
[EventRounds "11"]
[EventCountry "SVK"]
[SourceTitle "EXT 2016"]
[Source "ChessBase"]
[SourceDate "2015.10.08"]
[SourceVersion "1"]
[SourceVersionDate "2015.10.08"]
[SourceQuality "1"]
[WhiteTeam "Potonska Veza"]
[BlackTeam "Bratislava DP"]
[WhiteTeamCountry "SVK"]
[BlackTeamCountry "SVK"]

1. d4 Nf6 2. Nf3 g6 3. Bf4 c5 4. c3 Qb6 5. Qb3 Nc6 6. e3 d6 7. Nbd2 cxd4 8. Qxb6 axb6 9. exd4 Nd5 10. Bg3 Bh6 11. Bc4 Nc7 12. 0-0 b5 13. Bb3 Na5 14. Bc2 Be6 15. Rfe1 Kd7 16. Bd3 Nc4 17. Nxc4 bxc4 18. Bc2 Ra5 19. h3 Bf5 20. Bxf5+ Rxf5 21. Re2 Rb5 22. Nh2 f5 23. Rae1 Nd5 24. Nf3 Re8 25. Bh4 e6 26. Bg5 Bxg5 27. Nxg5 Nf4 28. Rd2 Re7 29. g3 Nd3 30. Ree2 e5 31. dxe5 dxe5 32. b4 Rd5 33. Nf3 Kd6 34. a4 Re8 35. Rd1 Nxb4 36. Rb1 Nc6 37. Rxb7 Rd3 38. Re3 Rxe3 39. fxe3 Ra8 40. Rxh7 Rxa4 41. Rg7 Ra3 42. Rxg6+ Kd5 43. h4 Rxc3 44. h5 Ra3 45. h6 c3 46. Ne1 Ra8 47. h7 Rh8 48. Rh6 Nb4 49. Rh2 c2 50. Nxc2 Nxc2 51. Rxc2 Rxh7 52. Kg2 Ke4 53. Re2 Kd3 54. Re1 Ke4 55. Re2 Rc7 56. Kf2 Kd3 57. Ra2 e4 58. Ra5 Rc2+ 59. Kg1 Kxe3 60. Rxf5 Rc4 61. Rf8 Ke2 62. Rf2+ Kd3 63. Rf8 e3 64. Rd8+ Ke2 65. Kg2 Ke1 66. Kf3 e2 67. g4 Kf1 68. Rh8 Rc3+ 69. Kf4 Kg2 70. Re8 Rf3+ 71. Kg5 Kf2 72. Rxe2+ Kxe2 73. Kh6 Rh3+ 74. Kg6 Kf3 75. g5 Kg4 0-1

[Event "SVK-chT2A 1415"]
[Site "Slovakia"]
[Date "2014.12.06"]
[Round "5.1"]
[White "Cech, Dominik"]
[Black "Cibulka, Vladimir"]
[Result "1/2-1/2"]
[WhiteElo "2119"]
[BlackElo "2207"]
[PlyCount "24"]
[EventDate "2014.10.11"]
[EventType "team-tourn"]
[EventRounds "11"]
[EventCountry "SVK"]
[SourceTitle "EXT 2016"]
[Source "ChessBase"]
[SourceDate "2015.10.08"]
[SourceVersion "1"]
[SourceVersionDate "2015.10.08"]
[SourceQuality "1"]
[WhiteTeam "Bratislava Doprastav II"]
[BlackTeam "Potonska Veza"]
[WhiteTeamCountry "SVK"]
[BlackTeamCountry "SVK"]

1. e4 Nf6 2. e5 Nd5 3. d4 d6 4. c4 Nb6 5. exd6 cxd6 6. Nc3 g6 7. Be3 Bg7 8. Rc1 0-0 9. b3 Nc6 10. d5 Ne5 11. Be2 Ned7 12. f4 Nf6 1/2-1/2